Statistics for Nancy Mulligan - Ed Sheeran (All lyrics)

Click here to take the quiz!

General Stats

  • This quiz has been taken 16 times
  • The average score is 263 of 317

Answer Stats

Lyrics% Correct
a
100%
and
100%
And
100%
border
100%
by
100%
I
100%
Mulligan
100%
my
100%
name
100%
Nancy
100%
on
100%
On
100%
one
100%
she
100%
She
100%
Sheeran
100%
the
100%
The
100%
then
100%
took
100%
We
100%
we
100%
we're
100%
were
100%
William
100%
Down
93%
her
93%
love
93%
was
93%
When
93%
when
93%
woman
93%
but
86%
call
86%
met
86%
No
86%
no
86%
old
86%
own
86%
run
86%
said
86%
would
86%
years
86%
You
86%
about
79%
adore
79%
care
79%
daddy
79%
daughter
79%
Don't
79%
grand
79%
I'm
79%
marry
79%
religion
79%
that
79%
twenty-four
79%
went
79%
Wexford
79%
asked
71%
bought
71%
brother
71%
can't
71%
daughters
71%
father
71%
Five
71%
gonna
71%
got
71%
growing
71%
house
71%
in
71%
In
71%
kids
71%
know
71%
married
71%
now
71%
Now
71%
our
71%
rose
71%
sons
71%
three
71%
Twenty-two
71%
ya
71%
yellow
71%
your
71%
been
64%
borrowed
64%
children
64%
clothes
64%
eight
64%
fire
64%
From
64%
from
64%
gold
64%
I've
64%
loving
64%
made
64%
ring
64%
sat
64%
sixty
64%
soldier's
64%
War
64%
World
64%
beauty
57%
before
57%
'bout
57%
day
57%
dentist
57%
Never
57%
never
57%
proposed
57%
saw
57%
second
57%
such
57%
summer
57%
wearing
57%
working
57%
assure
50%
at
50%
black
50%
Cause
50%
crown
50%
had
50%
heart
50%
king
50%
moment
50%
seen
50%
town
50%
ward
50%
wedding
50%
Well
50%
worried
50%
armchairs
43%
Belfast
43%
difference
43%
found
43%
ground
43%
hair
43%
jet
43%
streak
43%
There's
43%
upon
43%
white
43%
boy
36%
farm
36%
Guy's
36%
snow
36%
southern
36%
Over
29%
near
21%

Score Distribution

Percentile by Number Answered

Percent of People with Each Score

Your Score History

You have not taken this quiz